000 00420nam a2200157Ia 4500
008 210716s1998 xx 000 0 und d
020 _a1560524847
041 _aeng
082 _a658 KAUJ
100 _aKaufman, Jerry J.
245 _aValue management: creating competitive advantage.
_bCreating competitive advantage.
250 _a1
260 _bCrisp Publications
_c1998
300 _a96
650 _aMANAGEMENT
999 _c200801
_d200801